[Event "Bayern-ch Seniors 04th"]
[Site "Schloss Schney"]
[Date "1992.??.??"]
[Round "5"]
[White "Schnurr, Anton"]
[Black "Prange, Kurt"]
[Result "1-0"]
[WhiteElo "1872"]
[BlackElo "1756"]
[PlyCount "37"]
[EventDate "1992.04.10"]
[EventType "swiss"]
[EventRounds "7"]
[EventCountry "GER"]
[SourceTitle "EXT 2007"]
[Source "ChessBase"]
[SourceDate "2006.11.23"]
[SourceVersion "1"]
[SourceVersionDate "2006.11.23"]
[SourceQuality "1"]

1. e4 c5 2. Nf3 Nc6 3. b4 cxb4 4. d4 d5 5. exd5 Qxd5 6. c4 bxc3 7. Nxc3 Qa5 8. d5 Nb8 9. Bd2 Nf6 10. Bc4 g6 11. Ne4 Qc7 12. Bb5+ Bd7 13. Rc1 Qd8 14. Nxf6+ exf6 15. Qe2+ Be7 16. d6 0-0 17. dxe7 Qxe7 18. Qxe7 Re8 19. Qxe8+ 1-0